00970nam a2200265 a 450000100060000000300080000600500170001400800410003102000320007203500190010404000230012304100080014608200250015410000310017924500640021026000460027430000260032049000340034650400510038065000270043183000740045894200120053299900170054495201430056170060BD-RjUL20211209081947.0170415r19831982nyu b 001 0 eng  a0471867373 :c$39.95 (est.) a(BD-RjUL)70272 aDLCcDLCdDLCbeng aeng002123a512.7bSHI 19831 aShapiro, Harold N.920749210aIntroduction to the theory of numbers /cHarold N. Shapiro. aNew York :bWiley,c1982 [reprinted 1983] axii, 459 p. ;c24 cm.1 aPure and applied mathematics, aIncludes bibliographical references and index. 0aNumber theory.9207493 0aPure and applied mathematics (John Wiley & Sons : unnumbered)9206050 2ddccBK c70060d70060 00102ddc40718NFICaRUCLbRUCLcReadingd1989-07-29eAsia Foundationg0.00l0o512.7 SHI 1983r2017-04-15 00:00:00tC-1w2017-04-15yBK